The works of William Shakspere / (Record no. 165304)

MARC details
000 -LEADER
campo de control de longitud fija 00609nam a22001935i 4500
001 - NÚMERO DE CONTROL
campo de control 165304
003 - IDENTIFICADOR DE NÚMERO DE CONTROL
campo de control ES-MaACL
005 - FECHA Y HORA DE LA ÚLTIMA TRANSACCIÓN
campo de control 20250716062537.0
008 - DATOS DE LONGITUD FIJA--INFORMACIÓN GENERAL
campo de control de longitud fija 050906m18891893xxk | |||||||| ||eng d
040 ## - FUENTE DE CATALOGACIÓN
Centro catalogador/agencia de origen CAM
Lengua de catalogación spa
Centro/agencia transcriptor CAM
100 1# - ENTRADA PRINCIPAL--NOMBRE DE PERSONA
Nombre de persona Shakespeare, William,
Fechas asociadas al nombre 1564-1616
9 (RLIN) 105992
245 14 - MENCIÓN DEL TÍTULO
Título The works of William Shakspere /
Mención de responsabilidad, etc. edited by Charles Knight.
260 ## - PUBLICACIÓN, DISTRIBUCIÓN, ETC.
Lugar de publicación, distribución, etc. London :
Nombre del editor, distribuidor, etc. George Routledge & Sons,
Fecha de publicación, distribución, etc. 1889-1893.
300 ## - DESCRIPCIÓN FÍSICA
Extensión 3 v. ;
Dimensiones 21 cm.
596 ## - NOTA AL PIE DE IMPRENTA
NOTA AL PIE DE IMPRENTA T. I. 1893 y T. II-III. 1889.
700 1# - ENTRADA AGREGADA--NOMBRE PERSONAL
Nombre de persona Knight, Charles.
9 (RLIN) 128475
852 ## - LOCALIZACIÓN
Ubicación ES-MaACL
Número de control de estantería G-13208-10
Nota libre -- Enc. tela
Holdings
Estatus retirado Estado de pérdida Estado de daño No para préstamo Colección Biblioteca de origen Biblioteca actual Ubicación en estantería Fecha de adquisición Total de préstamos Signatura topográfica completa Código de barras Visto por última vez Precio de reemplazo Tipo de ítem Koha
        Libros del s. XIX Biblioteca del Ateneo de Madrid Biblioteca del Ateneo de Madrid Sala Pecera Planta 3 17/01/2008   G-13208-10 1173339 23/02/2023 23/02/2023 Libro impreso antiguo